000 00378nam a22001337a 4500
999 _c55032
_d55032
008 200205b ||||| |||| 00| 0 eng d
041 _aeng
080 _2043.3
_a043.3
082 _a043.3
100 _a0
101 _aBTH
245 _aMenaxhmenti dhe Lidershipi me vështrim të veçantë në Ndërmarrjet e Mesme dhe të Vogla në Kosovë
_cAbdurrahmani,A
942 _2udc
_cBK